Chemical analysis : (Record no. 329579)

000 -LEADER
fixed length control field 01681cam a22003614a 4500
001 - CONTROL NUMBER
control field 14613030
003 - CONTROL NUMBER IDENTIFIER
control field NUST
005 - DATE AND TIME OF LATEST TRANSACTION
control field 20170515123043.0
008 - FIXED-LENGTH DATA ELEMENTS--GENERAL INFORMATION
fixed length control field 061027s2007 enka b 001 0 eng
010 ## - LIBRARY OF CONGRESS CONTROL NUMBER
LC control number 2006036196
020 ## - INTERNATIONAL STANDARD BOOK NUMBER
International Standard Book Number 0470859024 (cloth : alk. paper)
020 ## - INTERNATIONAL STANDARD BOOK NUMBER
International Standard Book Number 9780470859025 (cloth : alk. paper)
020 ## - INTERNATIONAL STANDARD BOOK NUMBER
International Standard Book Number 0470859040 (pbk. : alk. paper)
020 ## - INTERNATIONAL STANDARD BOOK NUMBER
International Standard Book Number 9780470859049 (pbk. : alk. paper)
035 ## - SYSTEM CONTROL NUMBER
System control number (OCoLC)ocm74916103
035 ## - SYSTEM CONTROL NUMBER
System control number (OCoLC)74916103
040 ## - CATALOGING SOURCE
Original cataloging agency DLC
Transcribing agency DLC
Modifying agency BAKER
-- BTCTA
-- BWKUK
-- YDXCP
-- IXA
-- DLC
041 1# - LANGUAGE CODE
Language code of text/sound track or separate title eng
Language code of original fre
050 00 - LIBRARY OF CONGRESS CALL NUMBER
Classification number QD79.I5
Item number R6813 2007
082 00 - DEWEY DECIMAL CLASSIFICATION NUMBER
Classification number 543 FRA
Edition number 22
100 1# - MAIN ENTRY--PERSONAL NAME
Personal name Rouessac, Francis.
9 (RLIN) 707
240 10 - UNIFORM TITLE
Uniform title Analyse chimique.
Language of a work English
245 10 - TITLE STATEMENT
Title Chemical analysis :
Remainder of title modern instrumentation methods and techniques /
Statement of responsibility, etc. Francis Rouessac and Annick Rouessac ; translated by Francis and Annick Rouessac and Steve Brooks.
250 ## - EDITION STATEMENT
Edition statement 2nd ed.
260 ## - PUBLICATION, DISTRIBUTION, ETC.
Place of publication, distribution, etc. Chichester, England ;
-- Hoboken, NJ :
Name of publisher, distributor, etc. John Wiley,
Date of publication, distribution, etc. c2007.
300 ## - PHYSICAL DESCRIPTION
Extent xxiii, 574 p. :
Other physical details ill. ;
Dimensions 26 cm.
500 ## - GENERAL NOTE
General note H.B
504 ## - BIBLIOGRAPHY, ETC. NOTE
Bibliography, etc. note Includes bibliographical references (p. [565]-566) and index.
650 #0 - SUBJECT ADDED ENTRY--TOPICAL TERM
Topical term or geographic name entry element Instrumental analysis.
9 (RLIN) 706
700 1# - ADDED ENTRY--PERSONAL NAME
Personal name Rouessac, Annick.
9 (RLIN) 708
856 41 - ELECTRONIC LOCATION AND ACCESS
Materials specified Table of contents only
Uniform Resource Identifier <a href="http://www.loc.gov/catdir/toc/ecip074/2006036196.html">http://www.loc.gov/catdir/toc/ecip074/2006036196.html</a>
856 42 - ELECTRONIC LOCATION AND ACCESS
Materials specified Publisher description
Uniform Resource Identifier <a href="http://www.loc.gov/catdir/enhancements/fy0739/2006036196-d.html">http://www.loc.gov/catdir/enhancements/fy0739/2006036196-d.html</a>
906 ## - LOCAL DATA ELEMENT F, LDF (RLIN)
a 7
b cbc
c orignew
d 1
e ecip
f 20
g y-gencatlg
942 ## - ADDED ENTRY ELEMENTS (KOHA)
Source of classification or shelving scheme
Koha item type Book
Call number prefix 543 FRA
Holdings
Withdrawn status Lost status Source of classification or shelving scheme Damaged status Not for loan Collection code Permanent Location Current Location Shelving location Date acquired Total Checkouts Full call number Barcode Date last seen Price effective from Koha item type
            Institute of Environmental Science and Engineering (IESE) Institute of Environmental Science and Engineering (IESE) General Stacks 05/15/2017   543 FRA IESE-2042 05/15/2017 05/15/2017 Book
© 2023 Central Library, National University of Sciences and Technology. All Rights Reserved.